00447nam a2200097Ia 4500008004100000100004500041245017000086260002700256650001300283856005300296171212s9999 xx 000 0 und d aMcGovern, Geoffrey;Greenberg, Michael D. cMcGovern, Geoffrey;Greenberg, Michael D.aShining a Light on State Campaign FinancebAn Evaluation of the Impact of the National Institute on Money in State Politics bRAND Corporationc2014 aBusiness uhttp://www.jstor.org/stable/10.7249/j.ctt14bs1xp